LEADER 01351nam a2200277 4500 001 000000332219 003 CaOOAMICUS 005 20190124114339.0 008 190122s2008 it 000 u ita r 020 $a978-88-7661-826-0 040 $aSeMil$bita 245 10$aCinema e religione :$bforme della spiritualità e della fede /$ca cura di Sara Cortellazzo e Massimo Quaglia. 264 1$aTorino :$bCelid,$c2008. 300 $a111 p. ;$bill. ;$c24 cm 490 1 $aI diritti di tutti ;$v9 500 $aIn testa al front.: Consiglio regionale del Piemonte, Comitato per l'affermazione dei valori della Resistenza e dei principi della Costituzione repubblicana; AIACE Torino 650 4$aCinema e religione.$0(OLS)http://semarc/subject/32653 700 1 $aCortellazzo, Sara.$0(OLS)http://semarc/name/108925 700 1 $aQuaglia, Massimo.$0(OLS)http://semarc/name/108926 830 2$aI diritti di tutti ;$v9.$0(OLS)http://semarc/title/420989 850 $aSeMil 852 $aSeMil$W1$xVenegono$y1$m3M IV 270$j211125$B224763$CSeMilBibl$Z2$F224763 $81 996 $6020$a978-88-7661-826-0$9(OLS)http://semarc/number/286325 996 $6245$aCinema e religione :$bforme della spiritualità e della fede$9(OLS)http://semarc/title/420990 996 $6264$aTorino :$bCelid$9(OLS)http://semarc/publisher/46563 LEADER 01163nam a2200205 i 4500 001 000000028469 003 CaOOAMICUS 005 20180830125448.0 008 180830s1869 it u000 u ita u 040 $aSeMil$bita 100 1 $aBlessich, Bonaventura.$0(OLS)http://semarc/name/12997 245 13$aLa metafisica cattolica nella tradizione :$brisposta alla civiltà cattolica dell'autore dell'opera Il vangelo e la Santa Chiesa cattolico-romana ; omelie dedicate all'ill.mo e rev.mo monsignor Raffaele Biale ... /$cpel sacerdote Bonaventura Blessich. 260 $aGenova :$bTipografia della gioventù,$c1869-1871. 300 $a3 v. ;$c25 cm. 650 4$aMetafisica cristiana.$0(OLS)http://semarc/subject/4573 774 0 $tParte 1.$g1$w()220203 774 0 $tParte 3.$g3$w()220204 774 0 $tParte 2.$g2$w()220205 996 $6245$aLa metafisica cattolica nella tradizione :$brisposta alla civiltà cattolica dell'autore dell'opera Il vangelo e la Santa Chiesa cattolico-romana ; omelie dedicate all'ill.mo e rev.mo monsignor Raffaele Biale ...$9(OLS)http://semarc/title/38646 996 $6260$aGenova :$bTipografia della gioventù$9(OLS)http://semarc/publisher/30581 LEADER 01303nam a2200265 i 4500 001 000000241892 003 CaOOAMICUS 005 20260115075606.0 008 150521s1877 it u000 u ita u 013 $a220797 040 $aSeMil$bita 100 1 $aHuguet, Joseph,$d<1812-1884>.$0(OLS)http://semarc/name/36608 245 12$aL'interiore di S. Giuseppe :$bletture e meditazioni delle anime interiori per tutti i mercoledì dell'anno /$copera del R. P. Huguet ; tradotto per la prima volta dal francese da Giuseppina Pellico. 250 $a3. Ed. 260 $aMilano :$bBoniardi-Pogliani,$c1877. 300 $a239 p. ;$c16 cm. 650 4$aGiuseppe .$0(OLS)http://semarc/subject/808 650 4$aCristianesimo - Libri di preghiere e devozione italiani.$0(OLS)http://semarc/subject/1222 700 1 $aPellico, Giuseppina.$0(OLS)http://semarc/name/15891 850 $aSeMil 852 $aSeMil$W1$xVenegono$y1$m3F I 319 FA$j192238$B192238$CSeMilBibl$Z2$F203044 $8I 961 $aOmaggio: Deposito 996 $6245$aL'interiore di S. Giuseppe :$bletture e meditazioni delle anime interiori per tutti i mercoledì dell'anno$9(OLS)http://semarc/title/343729 996 $6260$aMilano :$bBoniardi-Pogliani$9(OLS)http://semarc/publisher/31322 LEADER 01284nam a2200277 i 4500 001 000000237651 003 CaOOAMICUS 005 20150107000000.0 008 150107s1951 it u000 u lat u 013 $a216556 040 $aSeMil$bita 100 1 $aGovernanti, Gaudenzio.$0(OLS)http://semarc/name/79444 240 00$aIn Isaiam 9,5 (vulg. 9,6).$0(OLS)http://semarc/title/338745 245 10$aIn Isaiam 9,5 :$bvulg. 9,6 : dissertatio exegetico-theologica /$cGaudentius Governanti. 260 $aRoma :$bTip. della Pace,$c1951. 300 $a96 p. ;$c25 cm. 490 0 $aPontificium Athenaeum Antonianum, Facultas theologica. Theses ad lauream ;$v64 500 $aFondo card. Giovanni Colombo. 650 4$aBibbia. Antico Testamento. Isaia, 9,5 <9,6>.$0(OLS)http://semarc/subject/42065 830 0$aPontificium Athenaeum Antonianum, Facultas theologica. Theses ad lauream ;$v64.$0(OLS)http://semarc/title/28509 850 $aSeMil 852 $aSeMil$W1$xVenegono$y1$m3GC VII 83$j187997$B187997$CSeMilBibl$Z2$F199275 $8B 941 1 $a3 961 $aLascito: Colombo Card. Giovanni 996 $6245$aIn Isaiam 9,5 :$bvulg. 9,6 : dissertatio exegetico-theologica$9(OLS)http://semarc/title/338746 996 $6260$aRoma :$bTip. della Pace$9(OLS)http://semarc/publisher/35896